| 000 | 00000nam##2200000za#4500 |
| 001 | 9.590600 |
| 003 | CaOODSP |
| 005 | 20211213094337 |
| 007 | cr ||||||||||| |
| 008 | 150406|2015||||xxc|||||o f|0| 0 fre|d |
| 040 | |aCaOODSP|bfre |
| 041 | |aeng |
| 041 | |afre |
| 043 | |an-cn--- |
| 086 | 1 |aXB412-518/3-PDF |
| 110 | 1 |aCanada. |bParlement. |bChambre des communes. |
| 245 | 10|aLoi modifiant la Loi sur les allocations de retraite des parlementaires (indemnité de retrait) |h[ressource électronique] |
| 246 | 1 |iTitre alternatif : |aLoi protégeant les contribuables et supprimant la pension des politiciens déclarés coupables d’une infraction |
| 260 | |aOttawa - Ontario : |bChambre des communes |cAdopté par la Chambre des communes le 4 février 2015. |
| 300 | |a8p. |
| 490 | 1 |aProjet de loi C-... |vC-518, 2e session, 41e législature |
| 590 | |a15-06|b2015-02-06 |
| 791 | |tAn Act to amend the Members of Parliament Retiring Allowances Act (withdrawal allowance) |eeng|w(CaOODSP)9.590599 |
| 830 | #0|aProjet de loi C-...|vC-518, 2e session, 41e législature|w(CaOODSP)9.500660 |
| 856 | 40|ahttp://publications.gc.ca|qPDF|s85 Ko|uhttps://publications.gc.ca/collections/collection_2015/parl/XB412-518-3.pdf|yC-518, 2e session, 41e législature |